| 000 -LEADER |
| fixed length control field |
00605nam a22001697a 4500 |
| 003 - CONTROL NUMBER IDENTIFIER |
| control field |
OSt |
| 005 - DATE AND TIME OF LATEST TRANSACTION |
| control field |
20260127091337.0 |
| 008 - FIXED-LENGTH DATA ELEMENTS--GENERAL INFORMATION |
| fixed length control field |
260127t2008 xxua|||| |||| 00| 0 eng d |
| 020 ## - INTERNATIONAL STANDARD BOOK NUMBER |
| International Standard Book Number |
9789715181990 |
| 040 ## - CATALOGING SOURCE |
| Transcribing agency |
csu |
| 100 ## - MAIN ENTRY--PERSONAL NAME |
| Personal name |
Agbayani-Pastor, Boots, |
| Relator term |
author. |
| 245 ## - TITLE STATEMENT |
| Title |
Alamat ng sampalok = |
| Remainder of title |
the legend of the tamarind / |
| Statement of responsibility, etc |
retold by Boots Agbayani-Pastor ; illustrated by Almar Denso ; color rendering by Jose Manual Dolom. |
| 260 ## - PUBLICATION, DISTRIBUTION, ETC. (IMPRINT) |
| Place of publication, distribution, etc |
Quezon City: |
| Name of publisher, distributor, etc |
Lampara Publishing House,Inc., |
| Date of publication, distribution, etc |
c2008. |
| 300 ## - PHYSICAL DESCRIPTION |
| Extent |
16 pages: |
| Other physical details |
color illustrations. |
| 700 ## - ADDED ENTRY--PERSONAL NAME |
| Personal name |
Denso, Alma, |
| Relator term |
illustrator. |
| 942 ## - ADDED ENTRY ELEMENTS (KOHA) |
| Source of classification or shelving scheme |
|
| Koha item type |
Books |